Normal view MARC view
  • Biomedical engineering

Entry Topical Term

Number of records used in: 2

001 - CONTROL NUMBER

  • control field: 39680

003 - CONTROL NUMBER IDENTIFIER

  • control field: OSt

005 - DATE AND TIME OF LATEST TRANSACTION

  • control field: 20160327142625.0

008 - FIXED-LENGTH DATA ELEMENTS

  • fixed length control field: 160327|| aca||babn | a|a d

040 ## - CATALOGING SOURCE

  • Original cataloging agency: OSt

150 ## - HEADING--TOPICAL TERM

  • Topical term or geographic name as entry element: Biomedical engineering

450 ## - SEE FROM TRACING--TOPICAL TERM

  • Topical term or geographic name entry element: Clinical engineering

450 ## - SEE FROM TRACING--TOPICAL TERM

  • Topical term or geographic name entry element: Medical engineering

550 ## - SEE ALSO FROM TRACING--TOPICAL TERM

  • Topical term or geographic name entry element: Bioengineering

550 ## - SEE ALSO FROM TRACING--TOPICAL TERM

  • Topical term or geographic name entry element: Biophysics

550 ## - SEE ALSO FROM TRACING--TOPICAL TERM

  • Topical term or geographic name entry element: Engineering

550 ## - SEE ALSO FROM TRACING--TOPICAL TERM

  • Topical term or geographic name entry element: Medicine